| 000 | 00486cam a2200193 4500 | ||
|---|---|---|---|
| 001 | D9948 | ||
| 008 | 090401t1980 xxu||||| |||| 00| 0 eng d | ||
| 035 | _a(Sirsi) u23512 | ||
| 041 | _aeng | ||
| 050 | _a511.4 | ||
| 100 | _aWolf, Paul R. | ||
| 245 | _aAdjustment computations: (practical least squares for surveyors) | ||
| 250 | _a2nd | ||
| 260 |
_aMadison, Winconsin _bPBL Publishing Co _c1980 |
||
| 300 | _ax. 284p. 27cm | ||
| 350 | _a13.5 | ||
| 942 | _n0 | ||
| 948 | _c04/03/1997 | ||
| 999 |
_c88420 _d88420 |
||